Harriet the spy / (Record no. 7696)

MARC details
000 -LEADER
fixed length control field 01224nam a22003017a 4500
001 - CONTROL NUMBER
control field 7696
003 - CONTROL NUMBER IDENTIFIER
control field FISKH
005 - DATE AND TIME OF LATEST TRANSACTION
control field 20250731113941.0
008 - FIXED-LENGTH DATA ELEMENTS--GENERAL INFORMATION
fixed length control field 250731b cb ||||| |||| 00| 0 eng d
020 ## - INTERNATIONAL STANDARD BOOK NUMBER
International Standard Book Number 9780064406604
040 ## - CATALOGING SOURCE
Original cataloging agency DLC
Transcribing agency DLC
Modifying agency DLC
Language of cataloging eng
050 ## - LIBRARY OF CONGRESS CALL NUMBER
Classification number PZ7.F5768 H
082 ## - DEWEY DECIMAL CLASSIFICATION NUMBER
Classification number 813
100 1# - MAIN ENTRY--PERSONAL NAME
Personal name Fitzhugh, Louise
Dates associated with a name (1928–1974)
245 10 - TITLE STATEMENT
Title Harriet the spy /
Statement of responsibility, etc. Written and illustrated by Louise Fitzhugh
250 ## - EDITION STATEMENT
Edition statement This edition first published in 1964
260 ## - PUBLICATION, DISTRIBUTION, ETC.
Place of publication, distribution, etc. New York :
Name of publisher, distributor, etc. HarperTrophy,
Date of publication, distribution, etc. 1964
300 ## - PHYSICAL DESCRIPTION
Extent 298 pages :
Other physical details illustrations ;
Dimensions 20 cm
505 ## - FORMATTED CONTENTS NOTE
Formatted contents note R<br/>
520 ## - SUMMARY, ETC.
Summary, etc. A large print edition of the story about eleve-year-old Harriet, who is a spy, plans to be a writer, and keeps a secret notebook filled with thoughts and notes on her schoolmates and people she observes on her after school spy route. However, her classmates find out and read her notebook, retaliate, and she learns that writing is not to use against your friends.<br/>
521 8# - TARGET AUDIENCE NOTE
Target audience note 760<br/>
Source Lexile<br/>
521 8# - TARGET AUDIENCE NOTE
Target audience note R<br/>
Source Raz-Plus<br/>
650 #0 - SUBJECT ADDED ENTRY--TOPICAL TERM
Topical term or geographic name entry element Harriet the Spy (Fictitious character)
Form subdivision Fiction.
650 #1 - SUBJECT ADDED ENTRY--TOPICAL TERM
Topical term or geographic name entry element Schools
Form subdivision Fiction.
700 ## - ADDED ENTRY--PERSONAL NAME
Personal name Fitzhugh, Louise
Dates associated with a name illustrator
942 ## - ADDED ENTRY ELEMENTS (KOHA)
Source of classification or shelving scheme Dewey Decimal Classification
Koha item type Books
Suppress in OPAC No
Holdings
Withdrawn status Lost status Source of classification or shelving scheme Damaged status Not for loan Collection Home library Current library Shelving location Date acquired Total Checkouts Full call number Barcode Date last seen Copy number Price effective from Koha item type
    Dewey Decimal Classification     Juvenile Fiction Footprints International School Library Network Toul Tom Poung Campus Footprints International School Library Network Toul Tom Poung Campus TTP Primary Orange Bookshelves 07/31/2025   FIT 813 PZ7.F5768 H FISSE01509 07/31/2025 1 07/31/2025 Books